| 000 | 00931nas a2200289 4500 | ||
|---|---|---|---|
| 001 | BR2013007598 | ||
| 003 | BR-BrBNA | ||
| 005 | 20231205122953.0 | ||
| 007 | ta | ||
| 008 | 230509b bl.|||p| |||| 00| 00por d | ||
| 040 |
_aBR-BrBNA _bpor _cBiblioteca Nacional de Agricultura |
||
| 041 | _a(En) | ||
| 072 | _aL60 | ||
| 100 | 1 | _aSouza, J.A.F. | |
| 100 | 1 | _aSchwamborn, R. | |
| 100 | 1 | _aBarreto, A. do V. | |
| 100 | 1 | _aFarias, I.D. | |
| 100 | 1 | _aFernandes, L.M.G. | |
| 100 | 1 | _aCoelho, P.A. | |
| 245 | 1 | _aMarine and estuarine srrimps (Dendrobranchiata, Stenopodidea, and Caridea)of Pernambuco state (Brazil)and northeastern brazilian oceanic islands | |
| 650 | _aCAMARÃO | ||
| 650 | _aDISTRIBUIÇÃO GEOGRÁFICA | ||
| 650 | _aTAXONOMIA ANIMAL | ||
| 773 | 0 |
_tAtlântica (Brazil) _xISSN 0102-1656 _g(Jan-Jun 2011), v. 33(1) p. 33-63 _wBR2013007598 |
|
| 909 |
_a202311 _bLúcia _c55 _dLúcia Elande |
||
| 942 |
_2AGRIS _n0 _cANA |
||
| 999 |
_c231530 _d231530 |
||